Online Catalogue and eLibrary

Sri Lanka in crisis 1977-88 (Record no. 2507)

MARC details
000 -LEADER
fixed length control field 00217nam a2200097Ia 4500
008 - FIXED-LENGTH DATA ELEMENTS--GENERAL INFORMATION
fixed length control field 240331s9999 xx 000 0 und d
082 ## - DDC Classification
Item Number - Author Mark WIJ
100 ## - MAIN ENTRY--PERSONAL NAME
Personal name Wijesinha, R
245 #0 - TITLE STATEMENT
Title Sri Lanka in crisis 1977-88
942 ## - Koha item type (Biblio)
Koha item type Books in Stacks (Lending)

No items available.

© WERC Library